Υλοποίηση διαδικτυακού συστήματος διαχείρισης επιχειρησιακών πόρων σε περιβάλλον υποστήριξης πολλαπλών πλατφορμών = Development of online ERP system in cross platform environment : πτυχιακή εργασία
Στην εποχή μας, οι ρυθμοί ανάπτυξης της τεχνολογίας είναι ταχύτατοι. Οι διευκολύνσεις στη ζωή και την επικοινωνία του ανθρώπου βρίσκονται στο επίκεντρο. Έτσι, τα κινητά τηλέφωνα εξελίσσονται διαρκώς και μετατρέπονται σε έξυπνες κινητές συσκευές βελτιώνοντας όλο και περισσότερο την επικοινωνία, την δ...
Αποθηκεύτηκε σε:
| Κύριος συγγραφέας: | |
|---|---|
| Συγγραφή απο Οργανισμό/Αρχή: | |
| Άλλοι συγγραφείς: | |
| Μορφή: | Thesis Βιβλίο |
| Γλώσσα: | Greek |
| Δημοσίευση: |
2015.
|
| Θέματα: | |
| Διαθέσιμο Online: | http://hdl.handle.net/11610/8874 |
| Ετικέτες: |
Προσθήκη ετικέτας
Δεν υπάρχουν, Καταχωρήστε ετικέτα πρώτοι!
|
MARC
| LEADER | 00000cam a2200000 a 4500 | ||
|---|---|---|---|
| 001 | 1/111156 | ||
| 008 | 160622s2015####gr | ||| |||| ||gre|| | ||
| 040 | |a GR-MyUa |b gre |c GR-MyUa |e AACR2 | ||
| 041 | 0 | |a gre | |
| 082 | 7 | |a 005.25 |2 (23) | |
| 100 | 1 | |a Τσακυράκης, Αθανάσιος. | |
| 245 | 1 | 0 | |a Υλοποίηση διαδικτυακού συστήματος διαχείρισης επιχειρησιακών πόρων σε περιβάλλον υποστήριξης πολλαπλών πλατφορμών = Development of online ERP system in cross platform environment : |b πτυχιακή εργασία / |c του Αθανάσιου Τσακυράκη ; επιβλέπων καθηγητής Ιωάννης Χαραλαμπίδης. |
| 246 | 1 | |i Παράλληλος τίτλος : |a Development of online ERP system in cross platform environment. | |
| 260 | |c 2015. | ||
| 300 | |a viii, 100 σ. : |b διάγρ., εικ. ; |c 30 εκ. | ||
| 500 | |a Μέλη της εξεταστικής επιτροπής: Ιωάννης Χαραλαμπίδης, Ευριπίδης Λουκής, Δημήτριος Δρόσος. | ||
| 502 | |a Πτυχιακή εργασία - Πανεπιστήμιο Αιγαίου, Σάμος, 2015. | ||
| 504 | |a Βιβλιογραφία: σ. 98-99. | ||
| 506 | 0 | |a Διάθεση πλήρους κειμένου - Ελεύθερη πρόσβαση. | |
| 520 | 8 | |a Στην εποχή μας, οι ρυθμοί ανάπτυξης της τεχνολογίας είναι ταχύτατοι. Οι διευκολύνσεις στη ζωή και την επικοινωνία του ανθρώπου βρίσκονται στο επίκεντρο. Έτσι, τα κινητά τηλέφωνα εξελίσσονται διαρκώς και μετατρέπονται σε έξυπνες κινητές συσκευές βελτιώνοντας όλο και περισσότερο την επικοινωνία, την διασκέδαση και τις υποχρεώσεις του σύγχρονου ανθρώπου. Στο πλαίσιο της παρούσας διπλωματικής εργασίας σχεδιάστηκε και αναπτύχθηκε μία κινητή εφαρμογή για έξυπνες κινητές συσκευές με τον τίτλο “WareHouse13”, έχοντας ως στόχο την διευκόλυνση των πωλητών στον τομέα της λήψης παραγγελιών. Η εφαρμογή αξιοποιεί τεχνολογίες διαπλατφορμικών εφαρμογών (Cross Platform Applications) με σκοπό την λειτουργιά της σε όλα τα λειτουργικά συστήματα των έξυπνων κινητών συσκευών. Η εργασία ξεκινά με την παρουσίαση των έξυπνων κινητών συσκευών (smartphone, tablet, phablet, smartwatch) και συνεχίζει με τα κυριότερα λειτουργικά συστήματα που υπάρχουν. Έπειτα, παρουσιάζεται ο όρος «κινητή εφαρμογή» και τα είδη που την αποτελούν, μεταξύ των οποίων δίνεται έμφαση στις υβριδικές. Στην συνέχεια, παρουσιάζονται και αναλύονται τα κυριότερα εργαλεία ανάπτυξης διαπλατφορμικών εφαρμογών. Αναφέρονται, επίσης και τα συστήματα Διαχείρισης Επιχειρησιακών Πόρων (ERP- Enterprise Resource Planning), τι είναι και ποιος ο σκοπός τους, με παρουσίαση των κυριότερων στον ελληνικό χώρο, καθώς και οι κινητές εφαρμογές αυτών. Κλείνοντας, παρουσιάζεται η ανάπτυξη και η λειτουργία της εφαρμογής. Αρχικά γίνεται αναφορά στους λόγους που οδήγησαν στην επιλογή του κάθε εργαλείου για την ανάπτυξη της εφαρμογής και τέλος γίνεται παρουσίασή της και επίδειξη της λειτουργίας της. | |
| 520 | 8 | |a The main goal of this thesis is the design and implementation of a mobile application for smart mobile devices with the title “WareHouse13” in order to facilitate sellers in ordering. The application utilizes Cross Platform Applications technologies from purpose of functioning in all operating systems of mobile smart devices. The thesis begins with the presentation of smart mobile devices (smartphone, tablet, phablet, smartwatch) and continues with major operating systems available. Then it’s presented the term of mobile application and the types that compose it with emphasis on hybrid. After that, it’s presented and analyzed the major Cross Platform Application’s development tools. Also the ERP (Enterprise Resource Planning) systems have mentioned what they are and what their purpose, with presentation of Greek’s market major systems and their mobile applications. Finally, presents the development and operation of the application. It starts by referring to the reasons that led to the choice of each tool for the development of the application and ends with the presentation and demonstration of the operation. | |
| 650 | 0 | |a Mobile computing |x Programming. | |
| 650 | 0 | |a Cross-platform software development. | |
| 650 | 0 | |a Enterprise resource planning. | |
| 650 | 0 | |a Dissertations, Academic |z Greece. | |
| 700 | 1 | |a Χαραλαμπίδης, Ιωάννης, |e dgs [Επιβλέπων καθηγητής] | |
| 710 | 2 | |a Πανεπιστήμιο Αιγαίου. |b Σχολή Θετικών Επιστημών. |b Τμήμα Μηχανικών Πληροφοριακών και Επικοινωνιακών Συστημάτων. | |
| 852 | |a INST |b SAMOS |c DIATR |e 20160622 |h 005.25 ΤΣΑ |p 005300043636 |q 005300043636 |t DIE |y 23 | ||
| 856 | |u http://hdl.handle.net/11610/8874 | ||
| 924 | |a Τσακυράκης |b Αθανάσιος |y Σάμος |z 2015-11 | ||
| 970 | |a Κοσιέρης |b Χρήστος |z 22-06-2016 | ||